000
00313nam a2200133Ia 4500
005
20251222144635.0
008
251222s9999||||xx |||||||||||||| ||spa||
020
_a
84-08-05468-6
082
_a
868.691/I71
100
_a
Irigoyen, Ramón
245
0
_a
Las Anécdotas de Grecia
264
_b
Planeta
942
_c
LIB
999
_c
16449
_d
16449